Tổng tập văn học Việt Nam; T30B

Guardat en:
Dades bibliogràfiques
Autor principal: Tổng tập văn học Việt Nam; T30B
Format: Llibre
Idioma:Undetermined
Publicat: Hà Nội KHXH 1982
Matèries:
Etiquetes: Afegir etiqueta
Sense etiquetes, Sigues el primer a etiquetar aquest registre!
Thư viện lưu trữ: Trung tâm Học liệu Trường Đại học Cần Thơ
LEADER 00615nam a2200169Ia 4500
001 CTU_46074
008 210402s9999 xx 000 0 und d
082 |a 895.922 
082 |b T455/T30B 
100 |a Tổng tập văn học Việt Nam; T30B 
245 0 |a Tổng tập văn học Việt Nam; T30B 
245 0 |c Tổng tập văn học Việt Nam; T30B, Bùi Hiển, Nam Cao, Tô Hoài; Biên soạn: Nguyễn Đăng Mạnh 
260 |a Hà Nội 
260 |b KHXH 
260 |c 1982 
650 |a vietnamese literature 
980 |a Trung tâm Học liệu Trường Đại học Cần Thơ